| 000 | 00827nam a2200241Ia 4500 | ||
|---|---|---|---|
| 003 | OSt | ||
| 005 | 20220927110012.0 | ||
| 006 | a|||||r|||| 00| 0 | ||
| 007 | ta | ||
| 008 | 220926b |||||||| |||| 00| 0 eng d | ||
| 024 | _a85503 | ||
| 037 | _cReference Collections | ||
| 040 |
_aRTL _cRTL _beng |
||
| 041 |
_2eng _aeng |
||
| 082 | _a"X93.2.N7, L0" | ||
| 111 |
_aConference on the role of workers and management in the development of socialist economy (1970 : New Delhi India) _9375832 |
||
| 245 | 0 |
_aReport _b" Public sector in India, ailments and reme" |
|
| 260 |
_aNew _bDelhi Institute for Socialist Education India _c1970 |
||
| 300 |
_a155p. Appendix p.77-155 _ccm. |
||
| 650 | _aPublic Sector Economics | ||
| 942 |
_h"X93.2.N7, L0" _cCC |
||
| 999 |
_c695317 _d695317 |
||